[Event "Ronne Jubilaum"]
[Site "Ronne"]
[Date "2001.06.24"]
[Round "1"]
[White "Baekgaard, Martin"]
[Black "Svanholm, Borge"]
[Result "1-0"]
[WhiteElo "2270"]
[BlackElo "1712"]
[PlyCount "117"]
[EventDate "2001.??.??"]
[EventType "swiss"]
[EventRounds "9"]
[EventCountry "DEN"]
[SourceDate "2005.12.01"]

1. d4 Nf6 2. c4 g6 3. Nc3 Bg7 4. e4 d6 5. Be2 O-O 6. Nf3 e5 7. O-O Nc6 8. d5
Ne7 9. b4 Nh5 10. Re1 f5 11. Nd2 Nf6 12. Ba3 fxe4 13. Ndxe4 Nxe4 14. Nxe4 Nf5
15. c5 Qe7 16. Rc1 Nd4 17. Bf1 Bf5 18. Ng3 Qf6 19. f3 Rac8 20. Bd3 Kh8 21. Bb2
Qf7 22. Bc4 Bh6 23. Rc3 a6 24. a4 Rfe8 25. Rf1 Bg7 26. Qc1 Qd7 27. Qd1 Bf6 28.
Rc1 Qg7 29. Bd3 Bxd3 30. Qxd3 Qd7 31. Ne4 Bg7 32. Qc4 Nf5 33. Rfe1 h6 34. c6
bxc6 35. dxc6 Qe6 36. Qxa6 Qb3 37. Bc3 Nd4 38. Bxd4 exd4 39. Rb1 Qc2 40. Rec1
Qa2 41. a5 Rb8 42. Qd3 g5 43. a6 d5 44. Ng3 Re3 45. Qg6 Qxa6 46. Nf5 Rg8 47.
Nxh6 Rf8 48. Nf5 Rxf5 49. Qxf5 d3 50. Qxd5 Re2 51. Rd1 Qb6+ 52. Kh1 Qf2 53.
Qd8+ Kh7 54. Qxd3+ Kh6 55. Rg1 Be5 56. Rbf1 Qh4 57. f4 gxf4 58. Qxe2 f3 59.
Qxe5 1-0

[Event "Ronne Jubilaum"]
[Site "Ronne"]
[Date "2001.06.24"]
[Round "1"]
[White "Eriksson, Bo"]
[Black "Dalrud, Endre"]
[Result "1/2-1/2"]
[WhiteElo "2232"]
[BlackElo "2145"]
[PlyCount "112"]
[EventDate "2001.??.??"]
[EventType "swiss"]
[EventRounds "9"]
[EventCountry "DEN"]
[SourceDate "2005.12.01"]

1. d4 d5 2. c4 e6 3. Nc3 c6 4. e3 f5 5. Bd3 Nf6 6. Nh3 Bd6 7. f3 O-O 8. Qe2 e5
9. dxe5 Bxe5 10. Bd2 d4 11. exd4 Bxd4 12. O-O-O Na6 13. Rhe1 Re8 14. Qf1 Rxe1
15. Qxe1 Bd7 16. Qh4 c5 17. Ne2 Ne8 18. Qf4 Qf6 19. Bc3 Bxc3 20. Nxc3 Nec7 21.
Bb1 Be6 22. Ng5 Rf8 23. Rd6 h6 24. Nxe6 Nxe6 25. Qe3 Nac7 26. Nd5 Qf7 27. Bxf5
Nxd5 28. Rxd5 Nd4 29. Be4 Qc7 30. g3 Kh8 31. Kb1 b6 32. Qd3 Qe7 33. f4 Qe6 34.
Re5 Qh3 35. a3 Qxh2 36. Bd5 Qg1+ 37. Ka2 Qc1 38. Qb1 Qxb1+ 39. Kxb1 Kh7 40. Re7
a5 41. Be4+ Kg8 42. Bd5+ Kh7 43. Kc1 h5 44. Re1 Kh6 45. Kd2 Nf5 46. Rg1 Re8 47.
g4 hxg4 48. Bf7 Rd8+ 49. Kc3 g5 50. Rxg4 gxf4 51. Rxf4 Kg5 52. Rf1 Rd4 53. Bg8
Rg4 54. Rf2 Rg3+ 55. Kd2 Rb3 56. Kc1 Re3 1/2-1/2

[Event "Ronne Jubilaum"]
[Site "Ronne"]
[Date "2001.06.24"]
[Round "1"]
[White "Nielsen, Rasmus Lundberg"]
[Black "Solem, Trond"]
[Result "0-1"]
[WhiteElo "1684"]
[BlackElo "2185"]
[PlyCount "62"]
[EventDate "2001.??.??"]
[EventType "swiss"]
[EventRounds "9"]
[EventCountry "DEN"]
[SourceDate "2005.12.01"]

1. f4 d5 2. Nf3 c5 3. e3 Nf6 4. b3 Nc6 5. Bb5 Bf5 6. Bb2 e6 7. Bxc6+ bxc6 8.
O-O h6 9. d3 Be7 10. Nbd2 a5 11. a4 Qb6 12. Qe2 c4 13. dxc4 Bxc2 14. Nd4 Bh7
15. cxd5 exd5 16. Kh1 O-O 17. Rac1 Rac8 18. g4 Ne4 19. Nf5 Bxf5 20. gxf5 Nxd2
21. Qxd2 f6 22. Rg1 Rf7 23. Bd4 c5 24. Rg6 Qxb3 25. Qxa5 Qd3 26. Bxc5 Kh7 27.
Qb6 Qe4+ 28. Rg2 Rxc5 29. Rxc5 Bxc5 30. Qxc5 Rb7 31. Kg1 Rb1+ 0-1

[Event "Ronne Jubilaum"]
[Site "Ronne"]
[Date "2001.06.24"]
[Round "1"]
[White "Hautala, Roman"]
[Black "Hemdorff, Dennis"]
[Result "1-0"]
[WhiteElo "2182"]
[BlackElo "1653"]
[PlyCount "55"]
[EventDate "2001.??.??"]
[EventType "swiss"]
[EventRounds "9"]
[EventCountry "DEN"]
[SourceDate "2005.12.01"]

1. e4 e5 2. Nf3 Nc6 3. Bb5 a6 4. Bxc6 dxc6 5. O-O Bg4 6. h3 Bh5 7. d3 Bc5 8.
Be3 Bxf3 9. Qxf3 Qe7 10. Nd2 O-O-O 11. Nc4 f6 12. a4 Bd4 13. Rfb1 Qe6 14. c3
Bxe3 15. Qxe3 Kb8 16. b4 Qd7 17. Rd1 Ne7 18. Rab1 b6 19. b5 axb5 20. axb5 c5
21. d4 cxd4 22. cxd4 exd4 23. Qa3 Nc8 24. Ra1 c5 25. Qa8+ Kc7 26. Ra7+ Nxa7 27.
Qxa7+ Kc8 28. Nxb6# 1-0

[Event "Ronne Jubilaum"]
[Site "Ronne"]
[Date "2001.06.24"]
[Round "1"]
[White "Jensen, Jan Kargaard"]
[Black "Rorvik, Jon F"]
[Result "0-1"]
[WhiteElo "1644"]
[BlackElo "2174"]
[PlyCount "108"]
[EventDate "2001.??.??"]
[EventType "swiss"]
[EventRounds "9"]
[EventCountry "DEN"]
[SourceDate "2005.12.01"]

1. e4 e5 2. c3 d5 3. d4 dxe4 4. Bc4 exd4 5. Qb3 Qe7 6. cxd4 Qb4+ 7. Nc3 Qxb3 8.
Bxb3 f5 9. Nh3 Nc6 10. Nb5 Bb4+ 11. Ke2 Ba5 12. d5 a6 13. Nxc7+ Bxc7 14. dxc6
bxc6 15. Bd2 Be5 16. Ng5 Nh6 17. Bc3 Bxc3 18. bxc3 Ke7 19. Bc4 Ng4 20. Nf7 Rf8
21. h3 Nf6 22. Ne5 Kd6 23. Nf7+ Kc5 24. Bb3 a5 25. Ng5 Re8 26. h4 h6 27. Nh3 a4
28. Bf7 Re7 29. Bg6 Nd5 30. Rac1 f4 31. c4 Bg4+ 32. Ke1 Nb4 33. Nxf4 Nxa2 34.
Rc2 Nb4 35. Rc1 a3 36. Kd2 Rd8+ 37. Ke3 a2 38. Rc3 Rc8 39. Ra1 Ra7 40. Bxe4 Ra3
41. Nd3+ Nxd3 42. Kxd3 Be2+ 43. Kc2 Rxc3+ 44. Kxc3 Bxc4 45. Kb2 Rb8+ 46. Kc3
Rb3+ 47. Kc2 Rb6 48. Kc3 Ra6 49. Bc2 Bd5 50. g3 Ra3+ 51. Kb2 Rf3 52. Bb3 Bxb3
53. Rc1+ Bc4 54. Rc2 Kb4 0-1

[Event "Ronne Jubilaum"]
[Site "Ronne"]
[Date "2001.06.24"]
[Round "1"]
[White "Eriksson, Magnus"]
[Black "Hansen, Erik Hedegaard"]
[Result "1-0"]
[WhiteElo "2290"]
[BlackElo "1634"]
[PlyCount "69"]
[EventDate "2001.??.??"]
[EventType "swiss"]
[EventRounds "9"]
[EventCountry "DEN"]
[SourceDate "2005.12.01"]

1. d4 Nf6 2. c4 g6 3. Nc3 d5 4. cxd5 Nxd5 5. Na4 Bg7 6. e4 Nb6 7. Be3 Nxa4 8.
Qxa4+ Bd7 9. Qb3 Nc6 10. Nf3 O-O 11. h3 Na5 12. Qa3 b6 13. Rc1 Nb7 14. Ba6 Nd6
15. O-O Bb5 16. Bxb5 Nxb5 17. Qa4 a6 18. Rfd1 Nd6 19. Qc6 Rc8 20. Ne5 Qe8 21.
Nd7 Nxe4 22. Nxf8 Qxc6 23. Rxc6 Kxf8 24. Rdc1 Rd8 25. Rxc7 Nd6 26. R1c6 f6 27.
Rxb6 Nb5 28. Rc4 Nd6 29. Ra4 Nf5 30. Rbxa6 Kf7 31. Rc4 e5 32. Rc7+ Kg8 33. dxe5
Rd1+ 34. Kh2 fxe5 35. Ra8+ 1-0

[Event "Ronne Jubilaum"]
[Site "Ronne"]
[Date "2001.06.24"]
[Round "1"]
[White "Kraft, Rene"]
[Black "Brauer, Christian"]
[Result "0-1"]
[WhiteElo "1627"]
[BlackElo "2286"]
[PlyCount "46"]
[EventDate "2001.??.??"]
[EventType "swiss"]
[EventRounds "9"]
[EventCountry "DEN"]
[SourceDate "2005.12.01"]

1. c4 c6 2. Nc3 d5 3. e3 Nf6 4. Nf3 g6 5. c5 Bg7 6. d4 O-O 7. Bd3 b6 8. b4 a5
9. Na4 Nfd7 10. Bd2 axb4 11. Bxb4 Na6 12. a3 bxc5 13. Bxa6 Bxa6 14. Nxc5 Nxc5
15. Bxc5 Re8 16. Rb1 f6 17. Bb6 Qd7 18. Qc2 e5 19. Rc1 Bb5 20. Bc5 Ra4 21. Bb4
Qg4 22. Rg1 exd4 23. h3 Qf4 0-1

[Event "Ronne Jubilaum"]
[Site "Ronne"]
[Date "2001.06.24"]
[Round "1"]
[White "Bernhardsson, Sten"]
[Black "Knudsen, Jesper"]
[Result "1/2-1/2"]
[WhiteElo "2291"]
[BlackElo "1617"]
[PlyCount "108"]
[EventDate "2001.??.??"]
[EventType "swiss"]
[EventRounds "9"]
[EventCountry "DEN"]
[SourceDate "2005.12.01"]

1. d4 Nf6 2. c4 c5 3. d5 b5 4. cxb5 a6 5. bxa6 Bxa6 6. Nc3 g6 7. g3 Bg7 8. Bg2
d6 9. Nf3 O-O 10. O-O Nbd7 11. h3 Qb6 12. Re1 c4 13. Rb1 Nc5 14. Be3 Nfd7 15.
Bd4 e5 16. dxe6 fxe6 17. Bxg7 Kxg7 18. Qd4+ e5 19. Qd2 Bb7 20. Red1 Ne4 21.
Nxe4 Bxe4 22. Qxd6 Qxd6 23. Rxd6 Bxb1 24. Rxd7+ Kf6 25. a3 Rab8 26. Rd6+ Ke7
27. Rd2 Rb5 28. a4 Ra5 29. Ng5 h6 30. Ne4 Rd8 31. Rxd8 Kxd8 32. Nc3 Bc2 33. Bc6
Kc7 34. Bb5 Kd6 35. Bxc4 Bxa4 36. Nxa4 Rxa4 37. b3 Ra8 38. h4 Rf8 39. Kg2 e4
40. f4 Kc5 41. h5 gxh5 42. Kh3 Kd4 43. Kh4 Rf5 44. Be6 Rf6 45. f5 Ke3 46. Kxh5
Kxe2 47. g4 Kd2 48. g5 hxg5 49. Kxg5 Rf8 50. f6 e3 51. Bc4 Kc3 52. Kg6 Rxf6+
53. Kxf6 e2 54. Bxe2 Kxb3 1/2-1/2

[Event "Ronne Jubilaum"]
[Site "Ronne"]
[Date "2001.06.24"]
[Round "1"]
[White "Erikstad, Olav Aage"]
[Black "Scholvin, Bjoern"]
[Result "0-1"]
[WhiteElo "1548"]
[BlackElo "2122"]
[PlyCount "70"]
[EventDate "2001.??.??"]
[EventType "swiss"]
[EventRounds "9"]
[EventCountry "DEN"]
[SourceDate "2005.12.01"]

1. e4 c5 2. c3 d5 3. e5 Nc6 4. d4 cxd4 5. cxd4 Qb6 6. Nf3 Bg4 7. Nbd2 Nh6 8.
Be2 Nf5 9. Nb3 e6 10. O-O Bxf3 11. Bxf3 Nfxd4 12. Be3 Nxf3+ 13. gxf3 Qd8 14. f4
Be7 15. Kh1 O-O 16. Rg1 f5 17. Rg2 b6 18. Rc1 Rc8 19. Qh5 Rf7 20. Rcg1 Bf8 21.
Rg3 Qd7 22. Rh3 g6 23. Rxg6+ Kh8 24. f3 Rg7 25. Bf2 Qf7 26. Rh6 Qxh5 27. R6xh5
Na5 28. Rg5 Nxb3 29. axb3 Rc1+ 30. Bg1 Rb1 31. Rhg3 Rxb2 32. Rg2 Rb1 33. Rd2
Bc5 34. Rdg2 d4 35. h4 d3 0-1

[Event "Ronne Jubilaum"]
[Site "Ronne"]
[Date "2001.06.24"]
[Round "1"]
[White "Cordes, Till"]
[Black "Golovchenko, Gleb"]
[Result "0-1"]
[WhiteElo "1431"]
[BlackElo "2106"]
[PlyCount "58"]
[EventDate "2001.??.??"]
[EventType "swiss"]
[EventRounds "9"]
[EventCountry "DEN"]
[SourceDate "2005.12.01"]

1. e4 d6 2. d4 Nf6 3. Nc3 g6 4. f3 Bg7 5. Be3 c6 6. Qd2 b5 7. Bh6 Bxh6 8. Qxh6
Nbd7 9. Bd3 b4 10. Nce2 e5 11. dxe5 dxe5 12. Nh3 Nb6 13. Rd1 Qe7 14. O-O Bxh3
15. Qxh3 O-O 16. f4 Rad8 17. f5 c5 18. b3 Kg7 19. Qh4 c4 20. bxc4 Qc5+ 21. Kh1
Nxc4 22. g4 Ne3 23. g5 Nh5 24. f6+ Kh8 25. Ng3 Nxd1 26. Nxh5 gxh5 27. Rf3 Rg8
28. Rf1 Qe3 29. Rxd1 Qf3+ 0-1

[Event "Ronne Jubilaum"]
[Site "Ronne"]
[Date "2001.06.25"]
[Round "2"]
[White "Hartvig, Ove Weiss"]
[Black "Ibragimov, Ildar"]
[Result "0-1"]
[WhiteElo "2285"]
[BlackElo "2578"]
[PlyCount "94"]
[EventDate "2001.??.??"]
[EventType "swiss"]
[EventRounds "9"]
[EventCountry "DEN"]
[SourceDate "2005.12.01"]

1. e4 g6 2. Nc3 d6 3. f4 Bg7 4. Nf3 Nf6 5. d3 O-O 6. g3 c5 7. Bg2 Nc6 8. O-O
Bg4 9. h3 Bxf3 10. Qxf3 Rb8 11. Qf2 Nd7 12. g4 b5 13. e5 Nd4 14. exd6 exd6 15.
f5 gxf5 16. gxf5 Re8 17. Ne4 d5 18. f6 dxe4 19. fxg7 Nf3+ 20. Bxf3 exf3 21. Bf4
Rb6 22. Qxf3 Qh4 23. Rf2 Rg6+ 24. Kh2 Nf6 25. Rg1 Re6 26. Rxg6 hxg6 27. Bg3 Qd4
28. c3 Qd7 29. Re2 Qe8 30. Rxe6 Qxe6 31. b3 Kxg7 32. d4 cxd4 33. cxd4 Nd5 34.
Qd3 a6 35. Be5+ f6 36. Bg3 Kf7 37. Kg2 f5 38. Kh2 f4 39. Qf3 g5 40. Bf2 Kg6 41.
a4 Nf6 42. axb5 axb5 43. Kg2 Kf5 44. Qc3 Qe4+ 45. Kg1 Kg6 46. Kh2 Qe2 47. Kg2
Qxf2+ 0-1

[Event "Ronne Jubilaum"]
[Site "Ronne"]
[Date "2001.06.25"]
[Round "2"]
[White "Hector, Jonny"]
[Black "Hauschild, Andreas"]
[Result "1-0"]
[WhiteElo "2546"]
[BlackElo "2290"]
[PlyCount "89"]
[EventDate "2001.??.??"]
[EventType "swiss"]
[EventRounds "9"]
[EventCountry "DEN"]
[SourceDate "2005.12.01"]

1. e4 c5 2. Nf3 Nc6 3. Nc3 Nf6 4. Bb5 g6 5. e5 Ng4 6. Qe2 Bg7 7. Bxc6 dxc6 8.
d3 Nh6 9. Bf4 Bg4 10. Ne4 O-O 11. h3 Bxf3 12. Qxf3 b6 13. g4 f5 14. exf6 exf6
15. Qe3 g5 16. Bh2 f5 17. gxf5 Nxf5 18. Qxg5 Qxg5 19. Nxg5 Bxb2 20. Rb1 Bc3+
21. Kd1 Rae8 22. Ne4 Bd4 23. Ke2 Nh4 24. Rbg1+ Kh8 25. Rg4 Nf3 26. Kd1 c4 27.
Nd6 Re6 28. Nxc4 Nxh2 29. Rxd4 Rxf2 30. Rd8+ Kg7 31. Nd2 Ree2 32. Rg1+ Rg2 33.
Rd7+ Kg6 34. Rxg2+ Rxg2 35. Rxa7 Rg1+ 36. Ke2 Rg2+ 37. Ke1 Rg1+ 38. Kf2 Rc1 39.
c4 Rc2 40. Ke3 c5 41. a4 Rc1 42. Ra6 Nf1+ 43. Nxf1 Rxf1 44. Rxb6+ Kg5 45. Rc6
1-0

[Event "Ronne Jubilaum"]
[Site "Ronne"]
[Date "2001.06.25"]
[Round "2"]
[White "Andersen, Kaare Vissing"]
[Black "Kiriakov, Petr"]
[Result "0-1"]
[WhiteElo "2312"]
[BlackElo "2546"]
[PlyCount "104"]
[EventDate "2001.??.??"]
[EventType "swiss"]
[EventRounds "9"]
[EventCountry "DEN"]
[SourceDate "2005.12.01"]

1. e4 e6 2. d3 d5 3. Nd2 Nf6 4. Ngf3 c5 5. g3 Nc6 6. Bg2 Be7 7. O-O O-O 8. Re1
b5 9. e5 Nd7 10. Nf1 a5 11. a4 Ba6 12. h4 bxa4 13. Rxa4 Nb4 14. N1h2 Bb5 15.
Ra1 a4 16. Bf1 Nb6 17. c3 Nc6 18. Ng5 Qe8 19. Qh5 Bxg5 20. hxg5 f5 21. Qh4 Na5
22. Be3 Nb3 23. Ra3 Qe7 24. Nf3 Rad8 25. Bf4 d4 26. c4 Bc6 27. Bg2 g6 28. Qh1
Qd7 29. Nd2 Na5 30. Bxc6 Nxc6 31. Nf3 Nb4 32. Re2 Ra8 33. Kg2 Qb7 34. Qd1 Ra6
35. Rd2 Rfa8 36. Qe2 Nd7 37. Kg1 Nc6 38. Kh2 Rb6 39. Kg1 Rb3 40. Kh2 Rxa3 41.
bxa3 Rb8 42. Ra2 Qb1 43. Kg2 Rb3 44. Ne1 Nd8 45. Qd2 Nf7 46. Qe2 Rb8 47. Nf3
Qb7 48. Kh2 Qa8 49. Kg1 Rb1+ 50. Kh2 Qb7 51. Ng1 Qb3 52. Rd2 Qxa3 0-1

[Event "Ronne Jubilaum"]
[Site "Ronne"]
[Date "2001.06.25"]
[Round "2"]
[White "De Firmian, Nick E"]
[Black "Maiorov, Nikita"]
[Result "1-0"]
[WhiteElo "2382"]
[BlackElo "2326"]
[PlyCount "87"]
[EventDate "2001.??.??"]
[EventType "swiss"]
[EventRounds "9"]
[EventCountry "DEN"]
[SourceDate "2005.12.01"]

1. e4 e5 2. Nf3 Nc6 3. Bb5 a6 4. Ba4 Nf6 5. O-O Be7 6. Re1 b5 7. Bb3 d6 8. c3
O-O 9. h3 Nd7 10. a4 Bb7 11. d4 Bf6 12. Na3 Nb6 13. d5 Ne7 14. a5 Nd7 15. c4 c6
16. dxc6 Nxc6 17. cxb5 Nxa5 18. Bd5 Bxd5 19. Qxd5 Nb6 20. Qd3 axb5 21. Nxb5 d5
22. exd5 Qxd5 23. Nxe5 Rfd8 24. Qxd5 Nxd5 25. Ng4 Be7 26. Bd2 Nc4 27. Rxa8 Rxa8
28. Nc3 Nxd2 29. Nxd5 Bf8 30. Rd1 Nb3 31. Ne5 f6 32. Nc4 Bc5 33. Nc7 Ra4 34.
Ne3 Ra2 35. Rd8+ Kf7 36. Rd7+ Kg6 37. Ne6 Bxe3 38. fxe3 Rxb2 39. Rxg7+ Kf5 40.
Re7 Re2 41. Nf4 Rc2 42. g4+ Kg5 43. Rxh7 f5 44. Rh5+ 1-0

[Event "Ronne Jubilaum"]
[Site "Ronne"]
[Date "2001.06.25"]
[Round "2"]
[White "Schultz Pedersen, Jesper"]
[Black "Kveinys, Aloyzas"]
[Result "0-1"]
[WhiteElo "2206"]
[BlackElo "2533"]
[PlyCount "90"]
[EventDate "2001.??.??"]
[EventType "swiss"]
[EventRounds "9"]
[EventCountry "DEN"]
[SourceDate "2005.12.01"]

1. e4 c5 2. f4 g6 3. Nf3 Bg7 4. Be2 Nf6 5. d3 O-O 6. O-O d6 7. Nc3 Nc6 8. Qe1
Nd4 9. Bd1 Rb8 10. Ne2 Nxf3+ 11. Rxf3 d5 12. e5 Ng4 13. Ng3 Nh6 14. Rf1 Be6 15.
Bf3 Qd7 16. Be3 b6 17. Qe2 Rbc8 18. Rae1 Rfd8 19. Bc1 a5 20. Nh1 Nf5 21. c3 Nh4
22. Nf2 b5 23. Bg4 d4 24. Bxe6 Qxe6 25. cxd4 Qxa2 26. dxc5 Rxc5 27. Be3 Rc6 28.
Rc1 Rxc1 29. Rxc1 a4 30. Kf1 b4 31. Bc5 Rc8 32. Ne4 Nf5 33. Qd2 Qd5 34. Ke2 g5
35. Bxb4 Nd4+ 36. Kf2 Rb8 37. Qc3 Nb3 38. Qc8+ Rxc8 39. Rxc8+ Bf8 40. Bxe7 Qd4+
41. Ke2 Nc1+ 42. Kd2 Qxd3+ 43. Kxc1 Qxe4 44. Rxf8+ Kg7 45. Rb8 Qxf4+ 0-1

[Event "Ronne Jubilaum"]
[Site "Ronne"]
[Date "2001.06.25"]
[Round "2"]
[White "Loginov, Valery A"]
[Black "Rendboe, John Filip"]
[Result "1/2-1/2"]
[WhiteElo "2499"]
[BlackElo "2259"]
[PlyCount "117"]
[EventDate "2001.??.??"]
[EventType "swiss"]
[EventRounds "9"]
[EventCountry "DEN"]
[SourceDate "2005.12.01"]

1. Nf3 c5 2. g3 Nc6 3. d4 cxd4 4. Nxd4 g6 5. Bg2 Bg7 6. Nb3 Nf6 7. Nc3 O-O 8.
O-O d6 9. Bf4 Be6 10. Qd2 Qd7 11. Rad1 Bh3 12. e4 Bxg2 13. Kxg2 b5 14. e5 dxe5
15. Qxd7 Nxd7 16. Bg5 Nf6 17. Nxb5 Nb4 18. Bxf6 Bxf6 19. Rd2 Nxa2 20. Nc7 Rab8
21. Na6 Rb6 22. Nac5 Rc8 23. Nd7 Rb5 24. Ra1 Nb4 25. c3 Bg5 26. Re2 Nd3 27. Rd1
Nxf2 28. Kxf2 Rxb3 29. Nxe5 Rcb8 30. h4 Bf6 31. Nd3 a5 32. Ra1 Rd8 33. Nf4 e5
34. Ng2 Rdb8 35. Ra2 a4 36. Ne3 a3 37. bxa3 Rxc3 38. Nd5 Rc6 39. Kg2 Kg7 40. a4
Bd8 41. Rxe5 Rc5 42. Rd2 Rb3 43. Re3 Rxd5 44. Rxd5 Rxe3 45. Rxd8 Ra3 46. Ra8
Kf6 47. Ra6+ Kf5 48. Ra5+ Ke4 49. Ra7 Ra2+ 50. Kh3 f5 51. Rxh7 Rxa4 52. Rb7 Ra3
53. Rb6 Kf3 54. Rb4 Ra1 55. Rf4+ Ke3 56. Kg2 Ra2+ 57. Kh3 Ra1 58. Kg2 Ra2+ 59.
Kh3 1/2-1/2

[Event "Ronne Jubilaum"]
[Site "Ronne"]
[Date "2001.06.25"]
[Round "2"]
[White "Solem, Trond"]
[Black "Pedersen, Steffen"]
[Result "0-1"]
[WhiteElo "2185"]
[BlackElo "2463"]
[PlyCount "60"]
[EventDate "2001.??.??"]
[EventType "swiss"]
[EventRounds "9"]
[EventCountry "DEN"]
[SourceDate "2005.12.01"]

1. d4 d5 2. c4 c6 3. cxd5 cxd5 4. Nc3 Nf6 5. Bf4 Nc6 6. Nf3 Ne4 7. e3 Nxc3 8.
bxc3 g6 9. Bd3 Bg7 10. h3 O-O 11. O-O Bf5 12. Bxf5 gxf5 13. Qd3 e6 14. g4 Ne7
15. Kh1 fxg4 16. hxg4 Ng6 17. Bg3 f5 18. gxf5 Rxf5 19. e4 dxe4 20. Qxe4 Qd5 21.
Nd2 Rc8 22. Rab1 Rxc3 23. Rfc1 Rxc1+ 24. Rxc1 Bxd4 25. Rc8+ Rf8 26. Rc7 Bxf2
27. Bh2 Be3 28. Qxd5 exd5 29. Nb3 Rf1+ 30. Kg2 Rf2+ 0-1

[Event "Ronne Jubilaum"]
[Site "Ronne"]
[Date "2001.06.25"]
[Round "2"]
[White "Hillarp Persson, Tiger"]
[Black "Tetenkina, Irina"]
[Result "1-0"]
[WhiteElo "2443"]
[BlackElo "2221"]
[PlyCount "101"]
[EventDate "2001.??.??"]
[EventType "swiss"]
[EventRounds "9"]
[EventCountry "DEN"]
[SourceDate "2005.12.01"]

1. c4 e5 2. Nc3 Nc6 3. g3 g6 4. Bg2 Bg7 5. Rb1 d6 6. b4 Bf5 7. d3 Qd7 8. b5 Nd8
9. h4 h5 10. Bg5 f6 11. Be3 Ne7 12. Nf3 c6 13. bxc6 bxc6 14. Nd2 Rc8 15. Qa4
Rc7 16. Qa3 O-O 17. Nde4 d5 18. Nc5 Qd6 19. cxd5 Nxd5 20. Bxd5+ cxd5 21. Nb5
Qc6 22. Nxc7 d4 23. Qb3+ Nf7 24. Qd5 Qxc7 25. Bd2 Rd8 26. Rb7 Rxd5 27. Rxc7 Bf8
28. Nb3 e4 29. dxe4 Bxe4 30. f3 Bb1 31. Rxa7 d3 32. Kf2 Bc2 33. Rc1 Ne5 34. Rc7
Ba3 35. R1xc2 dxc2 36. Rxc2 Kf7 37. Be3 Ke6 38. Nc5+ Ke7 39. Ne4 Rb5 40. Rc3
Bb2 41. Rb3 Rxb3 42. axb3 f5 43. Ng5 Kd6 44. Bf4 Kc5 45. Ne6+ Kb4 46. Bxe5 Bxe5
47. Nf8 Kxb3 48. Nxg6 Bd4+ 49. e3 Bc5 50. Nf4 Kc3 51. Ke2 1-0

[Event "Ronne Jubilaum"]
[Site "Ronne"]
[Date "2001.06.25"]
[Round "2"]
[White "Smetankin, Stanislav"]
[Black "Henriksen, Geir I"]
[Result "1-0"]
[WhiteElo "2431"]
[BlackElo "2209"]
[PlyCount "116"]
[EventDate "2001.??.??"]
[EventType "swiss"]
[EventRounds "9"]
[EventCountry "DEN"]
[SourceDate "2005.12.01"]

1. e4 c5 2. Nf3 Nc6 3. d4 cxd4 4. Nxd4 Qc7 5. Nb3 e6 6. Bd3 Nf6 7. O-O d5 8.
Nc3 dxe4 9. Nxe4 Be7 10. Qe2 O-O 11. c3 Nxe4 12. Bxe4 f5 13. Bxc6 bxc6 14. Nd4
Bd6 15. f4 e5 16. fxe5 Bxe5 17. Nf3 Bf6 18. Be3 a5 19. Bd4 Ba6 20. Qe6+ Qf7 21.
Rfe1 Bc4 22. Qxf7+ Rxf7 23. Bxf6 Rxf6 24. Ne5 Bd5 25. c4 Be4 26. Rad1 Re6 27.
Nd7 Ra7 28. b3 Re7 29. Nc5 Re5 30. Nd7 Re7 31. Nb6 Bc2 32. Rd8+ Kf7 33. Rc1 Be4
34. Rh8 Re8 35. Rxe8 Kxe8 36. Kf2 Kf7 37. Rd1 Ke6 38. c5 Bd5 39. Ke3 Rb7 40.
Rd4 Ke5 41. Nxd5 cxd5 42. Rd2 Rc7 43. Rc2 g5 44. Kd3 f4 45. Re2+ Kf5 46. Kd4 g4
47. Rf2 h5 48. a3 h4 49. b4 axb4 50. axb4 Rb7 51. Rb2 f3 52. gxf3 gxf3 53. b5
Re7 54. b6 Re2 55. Rb1 f2 56. b7 Rb2 57. b8=Q Rxb8 58. Rxb8 f1=Q 1-0

[Event "Ronne Jubilaum"]
[Site "Ronne"]
[Date "2001.06.25"]
[Round "2"]
[White "Rorvik, Jon F"]
[Black "Berg, Klaus"]
[Result "0-1"]
[WhiteElo "2174"]
[BlackElo "2316"]
[PlyCount "92"]
[EventDate "2001.??.??"]
[EventType "swiss"]
[EventRounds "9"]
[EventCountry "DEN"]
[SourceDate "2005.12.01"]

1. c4 c6 2. g3 d5 3. Bg2 Nf6 4. Nf3 dxc4 5. Ne5 Qd4 6. Nf3 Qc5 7. Qc2 Bf5 8.
Qc3 e6 9. a4 Ne4 10. Qd4 Bg6 11. Nc3 Qxd4 12. Nxd4 Nd6 13. a5 a6 14. Na4 Nb5
15. Nf3 Nd7 16. O-O Bb4 17. Nc3 Nc5 18. Ne5 Bc2 19. Nxc4 Nb3 20. Ra2 Nxc1 21.
Rxc1 Bb3 22. Nb6 Rd8 23. Raa1 Nd4 24. Bf3 Nxf3+ 25. exf3 Rxd2 26. Ne4 Rd3 27.
Kg2 Ke7 28. Na4 Bd5 29. Nac3 Rd8 30. Ra4 Bxc3 31. bxc3 f5 32. Ng5 h6 33. c4
hxg5 34. cxd5 R8xd5 35. Rb4 Rb5 36. Rxb5 axb5 37. a6 bxa6 38. Rxc6 Rd6 39. Rc7+
Rd7 40. Rc6 Ra7 41. Rb6 Kd7 42. h4 gxh4 43. gxh4 Kc7 44. Rxe6 b4 45. Re7+ Kb6
46. Re5 a5 0-1

[Event "Ronne Jubilaum"]
[Site "Ronne"]
[Date "2001.06.25"]
[Round "2"]
[White "Hoi, Carsten"]
[Black "Baekgaard, Martin"]
[Result "1-0"]
[WhiteElo "2404"]
[BlackElo "2270"]
[PlyCount "115"]
[EventDate "2001.??.??"]
[EventType "swiss"]
[EventRounds "9"]
[EventCountry "DEN"]
[SourceDate "2005.12.01"]

1. d4 d6 2. e4 Nf6 3. f3 e5 4. dxe5 dxe5 5. Qxd8+ Kxd8 6. Bc4 Be6 7. Bxe6 fxe6
8. Be3 Bd6 9. Nd2 Nc6 10. c3 Ke7 11. Nh3 Rhb8 12. Nf2 Nd7 13. Nd3 a6 14. a4 b5
15. axb5 axb5 16. Ke2 Na5 17. b4 Nb7 18. Nb3 Nb6 19. Bxb6 cxb6 20. f4 exf4 21.
e5 Bc7 22. Nd4 Kd7 23. Nxb5 Nd8 24. Nxc7 Kxc7 25. Nxf4 Kc6 26. Rhd1 Rxa1 27.
Rxa1 g5 28. Nd3 Kd5 29. Ra7 Rb7 30. Ra8 Nf7 31. Rg8 Ke4 32. Rg7 h6 33. Nf2+ Kf4
34. g3+ Kf5 35. Ke3 Rd7 36. h3 Nxe5 37. g4+ Kf6 38. Rxd7 Nxd7 39. Kd4 Ke7 40.
Ne4 Kd8 41. c4 Kc7 42. b5 Nf8 43. Ke5 Ng6+ 44. Kxe6 Nf4+ 45. Kf6 Kd7 46. Kg7 h5
47. Kf6 hxg4 48. hxg4 Nd3 49. Kxg5 Ke6 50. c5 bxc5 51. b6 Kd7 52. Kf5 Kc6 53.
g5 Nb4 54. g6 Nd5 55. g7 Ne7+ 56. Ke6 Ng8 57. Nf6 Nh6 58. Ng4 1-0

[Event "Ronne Jubilaum"]
[Site "Ronne"]
[Date "2001.06.25"]
[Round "2"]
[White "Brauer, Christian"]
[Black "Jakobsen, Ole"]
[Result "0-1"]
[WhiteElo "2286"]
[BlackElo "2399"]
[PlyCount "60"]
[EventDate "2001.??.??"]
[EventType "swiss"]
[EventRounds "9"]
[EventCountry "DEN"]
[SourceDate "2005.12.01"]

1. Nf3 g6 2. c4 Bg7 3. d4 d6 4. b4 Nf6 5. Bb2 O-O 6. e3 Nbd7 7. Be2 e5 8. a4 e4
9. Nfd2 Re8 10. Nc3 Nf8 11. g4 h6 12. h3 c6 13. Qb3 d5 14. b5 Be6 15. Ba3 N8d7
16. Bd6 dxc4 17. Bxc4 Bxc4 18. Nxc4 Nb6 19. Bg3 Nxc4 20. Qxc4 Rc8 21. Qb3 c5
22. Be5 Nd7 23. Bxg7 Kxg7 24. d5 Ne5 25. Nxe4 Nf3+ 26. Ke2 Nd4+ 27. exd4 Rxe4+
28. Kf3 c4 29. Qc3 Qxd5 30. Rac1 Re1+ 0-1

[Event "Ronne Jubilaum"]
[Site "Ronne"]
[Date "2001.06.25"]
[Round "2"]
[White "Fries Nielsen, Jens Ove"]
[Black "Hautala, Roman"]
[Result "1-0"]
[WhiteElo "2301"]
[BlackElo "2182"]
[PlyCount "115"]
[EventDate "2001.??.??"]
[EventType "swiss"]
[EventRounds "9"]
[EventCountry "DEN"]
[SourceDate "2005.12.01"]

1. e4 Nf6 2. Nc3 d5 3. exd5 Nxd5 4. Bc4 Nb6 5. Bb3 Nc6 6. Qf3 e6 7. Nge2 Be7 8.
d3 O-O 9. a3 Ne5 10. Qh5 Ng6 11. h4 Bd7 12. Ne4 Nd5 13. Bg5 b5 14. Bxe7 Qxe7
15. Bxd5 exd5 16. Qxd5 Rfe8 17. h5 Ne5 18. Qc5 Bc6 19. Qxe7 Rxe7 20. N2g3 g6
21. O-O f5 22. Nd2 Rae8 23. hxg6 hxg6 24. f3 Nd7 25. Nb3 Nb6 26. Nd4 Bd7 27. b4
Nd5 28. Kf2 a5 29. Rab1 axb4 30. axb4 Ra8 31. Nge2 Ra4 32. c3 Ra2 33. Ra1 Nxc3
34. Rxa2 Nxa2 35. Rb1 Nxb4 36. Rxb4 c5 37. Rxb5 cxd4 38. Rb7 Kf7 39. Nxd4 f4
40. Ne2 g5 41. Nc3 Bf5 42. Rxe7+ Kxe7 43. Ke2 Kf6 44. Ne4+ Kg6 45. Nf2 Bc8 46.
Kd2 Kh5 47. d4 Kg6 48. d5 Kf5 49. Kc3 Ba6 50. Nd3 Kf6 51. d6 Bb5 52. Nc5 Bf1
53. Kd4 Bxg2 54. Ne4+ Ke6 55. Kc5 Kd7 56. Nxg5 Bf1 57. Nf7 Bh3 58. Ne5+ 1-0